MDQL
is popping MORE tags! Check the
thread
!
Quizzes
Events
Quiz Creation
Community
Videos
Private Events
Remove Ads
Sign In
Join for FREE
Feedback
Dark Mode
Quiz Categories
Sports
Geography
Music
Movies
Television
Just For Fun
Miscellaneous
History
Literature
Language
Science
Gaming
Entertainment
Religion
Holiday
For Kids
Quiz Lab
Recent
Popular Today
Quiz Kudos Today
Editor Picks
Curator Picks
Quizzes by...
Day
Popularity
Type
Ratings
Length
Year
Community
Subscriptions
Recent Discussions
Orange Saloon
Badges
Playlists
Quests
Create
Leaderboards
Showdown
Live 5
Trivia Bingo
Activity
Puzzle Library
Sporcle Events
Private Events
Virtual Trivia
Globe League
Become a Host
Pub Owners
SporcleCon
Opinionation
Our Games
Videos
Blog
Mobile Apps
Partnerships
Remove Ads and Go Orange
Feedback
Sports
Athletes
MLB
NBA
NHL
NFL
Soccer
Sports Teams
WWE
NCAA
Football
Premier League
Basketball
Baseball
Hockey
Golf
Tennis
Cricket
Rugby
Auto Racing
Olympics
World Cup
Sports
Athletes
MLB
NBA
NHL
NFL
Soccer
Sports Teams
WWE
NCAA
Football
Premier League
Basketball
Baseball
Hockey
Golf
Tennis
Cricket
Rugby
Auto Racing
Olympics
World Cup
Random Quiz
Search Sporcle
×
Quiz Lab
Quiz Lab
Sports
Baseball
Type in answers that appear in a list
Type in answers that appear in a list
Classic
Best Score? Go Orange.
College Baseball Champions Stats
Can you name the College Baseball Champions?
By
bowerman
10m
68 Questions
358 Plays
358 Plays
358 Plays
Comments
Comments
Give Quiz Kudos
Give Quiz Kudos
-
- Ratings
hide this ad
Replay
Link that replays current quiz
Next Quiz
Link to next quiz in quiz playlist
You Got
0%
They Got
Avg Score
69%
Avg Friend Score
Upgrade to see
Score Distribution
Jump to the score distribution portion of the page
Score
0/68
Timer
10:00
0
Plays Today
Year
College Baseball Champion
% Correct
2005
Texas
90.2%
2002
Texas
90.2%
1983
Texas
90.2%
1975
Texas
90.2%
1950
Texas
90.2%
1949
Texas
90.2%
2009
LSU
85.2%
2000
LSU
85.2%
1997
LSU
85.2%
1996
LSU
85.2%
1993
LSU
85.2%
1991
LSU
85.2%
2013
UCLA
83.2%
2014
Vanderbilt
81%
2012
Arizona
79.1%
2011
South Carolina
79.1%
2010
South Carolina
79.1%
1986
Arizona
79.1%
1980
Arizona
79.1%
1976
Arizona
79.1%
1994
Oklahoma
77.1%
1951
Oklahoma
77.1%
2001
Miami
74%
1999
Miami
74%
1985
Miami
74%
1982
Miami
74%
2007
Oregon State
73.7%
2006
Oregon State
73.7%
1990
Georgia
69.6%
1981
Arizona State
69.6%
1977
Arizona State
69.6%
1969
Arizona State
69.6%
1967
Arizona State
69.6%
1965
Arizona State
69.6%
Year
College Baseball Champion
% Correct
1962
Michigan
69.6%
1953
Michigan
69.6%
1988
Stanford
67.6%
1987
Stanford
67.6%
1959
Oklahoma State
65.4%
2004
Cal. State Fullerton
63.4%
1995
Cal. State Fullerton
63.4%
1984
Cal. State Fullerton
63.4%
1979
Cal. State Fullerton
63.4%
2003
Rice
62.6%
1998
Southern California
60.6%
1978
Southern California
60.6%
1974
Southern California
60.6%
1973
Southern California
60.6%
1972
Southern California
60.6%
1971
Southern California
60.6%
1970
Southern California
60.6%
1968
Southern California
60.6%
1963
Southern California
60.6%
1961
Southern California
60.6%
1958
Southern California
60.6%
1948
Southern California
60.6%
1964
Minnesota
57.5%
1960
Minnesota
57.5%
1956
Minnesota
57.5%
1966
Ohio State
57%
2008
Fresno State
56.4%
1957
California
56.1%
1947
California
56.1%
1989
Wichita State
52.5%
1954
Missouri
50.3%
1992
Pepperdine
47.2%
1955
Wake Forest
46.1%
1952
Holy Cross
34.6%
Quiz Playlist
Details
Report
Send in Message
Add To Playlist
Classic:
Type in answers that appear in a list
Last Updated: May 17, 2017
Quiz Scoreboard
CHALLENGE
Sign Up to Join the Scoreboard
Show All
Scores
Hide
Comments
May contain spoilers
Recently Published
Colored Red Africa Blitz
by spor1
Geography
30s
Find the 'City' Movie
by crazypaving
Movies
60s
5x2 Blitz: Bands
by SL_Kpop136
Music
30s
More to Explore
Quiz From the Vault
Featured Blog Post
14 Easter Pick-up Lines to Find Eggs With
hide this ad
You Might Also Like...
Tags
Baseball Quiz
College Quiz
College Sports
NCAA Baseball
Today's Top Quizzes in Sports
Browse Sports
hide this ad
Today's Top Quizzes in Baseball
Browse Baseball
Top Contributed Quizzes in Sports
1
Players with Multiple 50 Home Run Seasons
2
Les entraîneurs de l'OM et du PSG au 21e siècle
3
Criteria MLB: Left Handed Sluggers
4
2022 World Cup Stars
5
Les meilleurs buteurs des matchs entre le PSG et l’OM
6
Who Hit More Homers?
7
Les joueurs passés par le PSG et l'OM
8
NBA Logic Puzzle 2.0
9
Top 10 NHL Goal Scorers of All Time
10
MLB Players with Two .350 Batting Average Seasons
Explore More
Trending Topics
NBA
Disney
Kpop
Marvel
Harry Potter
Crossword
Anime
Song
Soccer
NFL
Pokémon
The Office
Country
Puzzle
WWE
hide this ad
More By:
bowerman
Quiz
Plays
Rating
Category
Featured
Created
College Baseball Champions
358
Sports
Apr 30, 2015
Power 5 foes SEC teams play in 2015
33
2.00
Sports
Apr 24, 2015
power 5 foes ACC teams play in 2015
30
5.00
Sports
Apr 29, 2015
Power 5 foes Big 10 teams play in 2015
25
Sports
Jan 11, 2015
Power 5 foes PAC 12 teams play in 2015
23
1.00
Sports
Jan 10, 2015
Go to Creator's Profile
Score Distribution
Quiz Creator Spotlight
bowerman
Follow
Send a Message
Quizzes Created
-
Created Quiz Play Count
-
More By This Creator
Popular Quizzes Today
1
Colored Red Africa Blitz
2
Find the 'City' Movie
3
Find the US States - No Outlines Minefield
4
5x2 Blitz: Bands
5
The Countries of the World
6
Find the US States
7
US States
8
9x9 Crossword: Cartoon Network
More Sports Quizzes
Tuchel's Winning XI's against English Teams
Quiz Lab
Trending Quizzes
Colored Red Europe Blitz I
Colored Red Europe Blitz II
Colored Red Africa Blitz II
Colored Red Africa Blitz III
Colored Red Europe Blitz III
Recently Updated
Grab Bag: 4-10 Letters
pecheneg
2024 March Madness Bracket
pecheneg
Famous TV Couples
Peacemaker
Champions League XIs: Real Madrid
pecheneg
Largest US Cities 1790-2010
pecheneg
Rides in Walt Disney World
pecheneg
Most Oscar Losses (Acting)
pecheneg
Beyoncé Albums
pecheneg
Leaping Animals
pecheneg
Reality TV Shows (A-Z)
bhenderson79
Trending Topics
Marvel
Kpop
NBA
Crossword
Anime
Harry Potter
Disney
Song
The Office
Country
Pokémon
NFL
Puzzle
Soccer
WWE
Your Account Isn't Verified!
In order to create a playlist on Sporcle, you need to verify the email address you used during registration. Go to your
Sporcle Settings
to finish the process.
Report this User
Report this user for behavior that violates our
Community Guidelines
.
Details:
Send Report
Go to the Sporcle.com Mobile Site →
Comments